Komunikácia v procese získavania finančnej gramotnosti

Profesionálne zvládnutie základných a špecifických komunikačných prostriedkov a ich jednotlivých foriem. Komunikačná zručnosť predstavuje podstatu komunikácie v procese vzdelávania ako takého, teda aj v prípade získavania finančnej gramotnosti.

Salvato in:
Dettagli Bibliografici
Autore principale: Kedrová, Jana
Natura: Capitolo di libro
Lingua:slovacco
Soggetti:
Tags: Aggiungi Tag
Nessun Tag, puoi essere il primo ad aggiungerne!!

MARC

LEADER 00000nla$a2200000$$$4500
001 0141887
005 20240502072537.9
041 0 |a slo 
044 |a SK 
245 1 0 |a Komunikácia v procese získavania finančnej gramotnosti  |c Jana Kedrová 
520 |a Profesionálne zvládnutie základných a špecifických komunikačných prostriedkov a ich jednotlivých foriem. Komunikačná zručnosť predstavuje podstatu komunikácie v procese vzdelávania ako takého, teda aj v prípade získavania finančnej gramotnosti. 
610 2 0 |a komunikácia verbálna 
610 2 0 |a komunikácia neverbálna 
610 2 0 |a vzdelávanie 
610 2 0 |a gramotnosť finančná 
610 2 0 |a poradcovia finanční 
610 2 0 |a zručnosti 
610 2 0 |a prejavy 
100 1 |a Kedrová, Jana